The battlefield : Algeria, 1988-2002 : studies in a broken polity

Αποθηκεύτηκε σε:
Λεπτομέρειες βιβλιογραφικής εγγραφής
Κύριος συγγραφέας: Roberts, Hugh 1950-
Μορφή: Βιβλίο
Γλώσσα:English
Δημοσίευση: London : Verso, 2002
Θέματα:
Ετικέτες: Προσθήκη ετικέτας
Δεν υπάρχουν, Καταχωρήστε ετικέτα πρώτοι!

MARC

LEADER 00000nam a2200000 i 4500
001 1/77983
008 080320s2002 eng d
020 |a 1-85984-684-X 
035 |l 10095626 
040 |a GR-MY-UA  |b gre  |e aacr 
041 0 |a eng 
082 0 |a 965.05  |2 (22) 
100 1 |a Roberts, Hugh  |d 1950- 
245 1 4 |a The battlefield :  |b Algeria, 1988-2002 : studies in a broken polity /  |c Hugh Roberts 
260 |a London :   |b Verso,   |c 2002 
300 |a xxiv, 402 σ.;  |b χάρτες;  |c 24 εκ. 
504 |a Βιβλιογραφία: σ. [375]-388 
504 |a Ευρετήριο: σ. [389]-402 
651 0 |a Algeria  |x History  |y 1962-1990. 
651 0 |a Algeria  |x History  |y 1990- 
852 |a INST  |b LESVOS  |e 20080320  |h 965.05 ROB  |p 005100040567  |q 005100040567  |t BK  |y 0 
901 |a BIBL1-2008-1 
909 |a Λ  |b 144089 
922 |a 1ΕΛΗ  |b 200801  |c ΕΠΕΑΕΚ2/ΤΚΑ  |d ΠΑΠΑΣΩΤΗΡΙΟΥ 
970 |a ΧΑΤΖΗΜΙΧΑΗΛ  |b ΜΑΡΙΑ  |z 2008/03/20